000
00283nam a22001217a 4500
008
180802b xxu||||| |||| 00| 0 eng d
082
_a
813.52
245
_a
The Philosophy of Mind
_c
Searle,J.R
260
_c
1996
300
_a
6
_f
Cassette
440
_x
18008322412
942
_2
ddc
_c
MX
999
_c
46729
_d
46729